000 00620nam a2200229Ia 4500
003 OSt
005 20220924150058.0
006 a|||||r|||| 00| 0
007 ta
008 220923b |||||||| |||| 00| 0 per d
024 _a331675
037 _cTextual
040 _aARTS
_cARTS
_bper
041 _2per
_aper
082 _aV45:2.N, 164M1
100 _aTaqizadah Sayed Hasan Au.
_9199234
245 0 _aQayam aazir baijan inqalab mashro tait Iran
260 _c1981
650 _aIRAN - HISTORY
942 _hV45:2.N, 164M1
_cTEXL
_2CC
999 _c462125
_d462125